Aslam v South Bedfordshire DC (Record no. 66826)

MARC details
000 -LEADER
fixed length control field 01841cam a2200313 4500
001 - CONTROL NUMBER
control field ABS63842
008 - FIXED-LENGTH DATA ELEMENTS--GENERAL INFORMATION
fixed length control field 000000n2001 000 0 eng u
035 ## - SYSTEM CONTROL NUMBER
System control number (Sirsi) u112208
245 ## - TITLE STATEMENT
Title Aslam v South Bedfordshire DC
260 ## - PUBLICATION, DISTRIBUTION, ETC.
Date of publication, distribution, etc. 2001
490 ## - SERIES STATEMENT
Series statement Rating and Valuation Reporter
Volume/sequential designation [2000] RVR 65-76
490 ## - SERIES STATEMENT
Series statement Rating and Valuation Reporter
Volume/sequential designation {2002} RVR 16-18(17)
520 ## - SUMMARY, ETC.
Summary, etc. CA 21 December 2000. Claimant (A) sought compensation under Town and Country Planning Act 1971 s170 for a discontinuance order made in respect of a slaughterhouse in Bedfordshire. In September 1985 A commenced slaughter of sheep by the Hal Al method. In October 1988 council made order requiring discontinuance of premises on a slaughterhouse. In May 1989 claimant moved business elsewhere. Compensation payable from LT was determined. A contended the LT was wrong in determining the correct level of income per sheep from the sale of sheep skins. A appealed and the appeal was allowed; the figure of £5.00 per sheep skin was substituted in place of the previous £3.75. The basis of compensation and interest payable was determined by a separate CA hearing on 19 February 2001. The compensation award was assessed by applying a discounted cash flow method .
590 ## - LOCAL NOTE (RLIN)
Local note ABS
650 ## - SUBJECT ADDED ENTRY--TOPICAL TERM
Topical term or geographic name entry element ASLAM V SOUTH BEDFORDSHIRE DC
650 ## - SUBJECT ADDED ENTRY--TOPICAL TERM
Topical term or geographic name entry element COMPENSATION
650 ## - SUBJECT ADDED ENTRY--TOPICAL TERM
Topical term or geographic name entry element DISCONTINUANCE ORDER
650 ## - SUBJECT ADDED ENTRY--TOPICAL TERM
Topical term or geographic name entry element SLAUGHTERHOUSE
650 ## - SUBJECT ADDED ENTRY--TOPICAL TERM
Topical term or geographic name entry element LOSS OF PROFIT
650 ## - SUBJECT ADDED ENTRY--TOPICAL TERM
Topical term or geographic name entry element SHEEP SKINS
650 ## - SUBJECT ADDED ENTRY--TOPICAL TERM
Topical term or geographic name entry element TOWN AND COUNTRY PLANNING ACT 1971 S170
650 ## - SUBJECT ADDED ENTRY--TOPICAL TERM
Topical term or geographic name entry element ARBITRATION ACT 1950
650 ## - SUBJECT ADDED ENTRY--TOPICAL TERM
Topical term or geographic name entry element LANDS TRIBUNAL
650 ## - SUBJECT ADDED ENTRY--TOPICAL TERM
Topical term or geographic name entry element DISCOUNTED CASH FLOW
650 ## - SUBJECT ADDED ENTRY--TOPICAL TERM
Topical term or geographic name entry element ARBITRATION ACT 1950 S19A
650 ## - SUBJECT ADDED ENTRY--TOPICAL TERM
Topical term or geographic name entry element LANDS TRIBUNAL RULES 1996 S32
690 ## - LOCAL SUBJECT ADDED ENTRY--TOPICAL TERM (OCLC, RLIN)
Topical term or geographic name as entry element ENVIRONMENTAL AND LAND CONSULTANCY-PLANNING AND DEVELOPMENT-COMPULSORY PURCHASE AND COMPENSATION
942 ## - ADDED ENTRY ELEMENTS (KOHA)
Suppress in OPAC 0
Holdings
Withdrawn status Lost status Source of classification or shelving scheme Damaged status Not for loan Home library Current library Shelving location Date acquired Total Checkouts Full call number Barcode Date last seen Copy number Price effective from Koha item type
    Dewey Decimal Classification     London London Journal article 04/05/2001   ABS63842 112208-1001 06/08/2019 1 06/08/2019 Law report